| 000 | 00817nam a22002777a 4500 | ||
|---|---|---|---|
| 001 | 0069690 | ||
| 003 | KOHA_MİRAKIL | ||
| 005 | 20260207004850.0 | ||
| 007 | ta | ||
| 008 | 231205b2004 tu |||grd|||#0|||1|tur | | ||
| 020 | _a9789754711646 | ||
| 040 |
_aTR-BiSEU _btur _cTR-BiSEU _erda |
||
| 041 | 0 |
_atur _afre |
|
| 044 | _ctu | ||
| 050 |
_aPL193.F8 _bF73 2004 |
||
| 245 | 1 | _aFransızca-Türkçe Türkçe- Fransızca sözlük. | |
| 264 | 1 |
_aİstanbul : _bFono Açıköğretim Kurumu Yayınları _c2004 |
|
| 300 | _a896 sayfa; 21 cm. | ||
| 336 |
_ametin _btxt _2rdacontent |
||
| 337 |
_aaracısız _bn _2rdamedia |
||
| 338 |
_acilt _bnc _2rdacarrier |
||
| 650 | 0 |
_aFransız dili--Sözlükler--Türkçe. _93346 |
|
| 650 | 0 |
_aFrench language--Dictionaries--Turkish. _93344 |
|
| 907 | _aSözlük | ||
| 942 |
_2lcc _cBK |
||
| 999 |
_c70438 _d70438 |
||